书目信息 |
| 题名: |
外国名家作品选粹
|
|
| 作者: | 凡·高 绘 | |
| 分册: | 凡·高油画 | |
| 出版信息: | 北京 人民美术出版社 2006 |
|
| 页数: | 66页 | |
| 开本: | 38cm | |
| 丛书名: | ||
| 单 册: | ||
| 中图分类: | J231 , J233(563) | |
| 科图分类: | ||
| 主题词: | 绘画--外国--近代--画册 , 绘画--外国--现代--画册 , 油画--荷兰--近代--画册 , 绘画 , 油画 | |
| 电子资源: | ||
| ISBN: | 978-7-102-03531-4 | |
| 000 | 01076nam0 2200325 45 | |
| 001 | 1138553219 | |
| 005 | 20110419103641.93 | |
| 010 | @a978-7-102-03531-4@dCNY48.00 | |
| 100 | @a20110123e20102006em y0chiy0110 ea | |
| 101 | 0 | @achi |
| 102 | @aCN@b110000 | |
| 105 | @aa z 000yd | |
| 106 | @ad | |
| 200 | 1 | @a外国名家作品选粹@AWai Guo Ming Jia Zuo Pin Xuan Cui@i凡·高油画@IFan· Gao You Hua@f凡·高绘@FFan· Gao Hui |
| 210 | @a北京@c人民美术出版社@d2006@h2010 | |
| 215 | @a66页@d38cm | |
| 300 | @a外国名家作品精粹 | |
| 312 | @a封面英文题名:Van Gogh's paintings | |
| 330 | @a本书收录了《自画像》、《吃土豆的人》、《织工》、《靴子》、《纽南墓地的老塔楼》、《黄铜花瓶中的贝母》等优秀油画作品。 | |
| 510 | 1 | @aVan Gogh's paintings@zeng |
| 606 | 0 | @a绘画@y外国@z近代@j画册 |
| 606 | 0 | @a绘画@y外国@z现代@j画册 |
| 606 | 0 | @a油画@y荷兰@z近代@j画册 |
| 606 | 0 | @a绘画 |
| 606 | 0 | @a油画 |
| 690 | @aJ231@v4 | |
| 690 | @aJ233(563)@v4 | |
| 701 | 1 | @a凡·高@AFan· Gao@g(Van Gogh, Vincent)@4绘 |
| 801 | 0 | @aCN@bTANGWEI@c20110419 |
| 905 | @b0536820@dJ231@e83@f1 | |
| 外国名家作品选粹.凡·高油画/凡·高绘.-北京:人民美术出版社,2006(2010) |
| 66页;38cm |
| 外国名家作品精粹 |
| ISBN 978-7-102-03531-4:CNY48.00 |
| 本书收录了《自画像》、《吃土豆的人》、《织工》、《靴子》、《纽南墓地的老塔楼》、《黄铜花瓶中的贝母》等优秀油画作品。 |
| ● |
| 相关链接 |
|
|
|
|
正题名:外国名家作品选粹
索取号:J231/83
 
预约/预借
| 序号 | 登录号 | 条形码 | 馆藏地/架位号 | 状态 | 备注 |
| 1 | 0536820 | 205368207 | 第一样本阅览室/ [索取号:J231/83] | 在馆 |